| 000 | 01749nam0a22002651 4500 | ||
|---|---|---|---|
| 001 | rc\4944507 | ||
| 005 | 20260531031056.0 | ||
| 021 |
_aRU _bРг7619-59 |
||
| 035 | _a(NLR Aleph) 008854677 | ||
| 090 |
_a8422749 _c8422749 |
||
| 100 | _a20130426d1957 |||y0rusy50 ca | ||
| 101 | 0 | _arus | |
| 102 | _aRU | ||
| 105 | _aa d ||||| | ||
| 200 | 1 |
_aСборник рефератов докладов на Объединенной научной конференции ЛОР кафедры Харьковского государственного медицинского стоматологического института, ЛОР кафедры Украинского института усовершенствования врачей и 30-й городской клинической больницы заболеваний уха, горла и носа, посвященной 40-летию Великой Октябрьской социалистической революции _fМ-во здрав. УССР. Харьковск. гос. мед. стоматол. ин-т |
|
| 210 |
_aХарьков _cБ. и. _d1957 |
||
| 215 |
_a77 с. _cил. _d20 |
||
| 710 | 0 | 2 |
_aХарьковский медицинский стоматологический институт _9502329 _3RU\NLR\AUTH\8810002557 |
| 712 | 0 | 2 |
_aХарьковская гор. клиническая больница заболеваний уха, горла и носа _c30 _9428566 _3RU\NLR\AUTH\889966130 |
| 712 | 0 | 2 |
_aУкраинский институт усовершенствования врачей _cХарьков _9413427 _3RU\NLR\AUTH\889958624 |
| 801 | 0 |
_aRU _bNLR _gpsbo |
|
| 801 | 1 |
_aRU _bELAR _2rusmarc |
|
| 852 |
_aNLR _j59-4/17120 |
||
| 942 | _cBOOK | ||
| 980 | _aNB | ||